00306nam a2200121Ia 4500008004000000020001800040082001700058100001800075245002500093260004000118300000800158650001800166210210b1999 xxu||||| |||| 00| 0 eng d a81 7524 026 1 a796.323 SHAC aSHARMA (O P). aCoaching basketball. aDelhi.bKhel Sahitya Kendra.,c1999 a166 aBasket ball